000 00409 a2200157 4500
001 191177
020 _a978-85-260-1369-8
040 _cMagnum
100 _aFurlani, Lúcia Maria Teixeira
240 1 0 _aTudo é possível: incrível viagem no tempo
_lpor
245 1 0 _aTudo é possível: incrível viagem no tempo
300 _a47
362 0 _a2009
697 _aLITERATURA INFANTO-JUVENIL
942 _cBK
999 _c191177
_d191177